01286nam a22001817a 4500003000600000005001700006008004100023020001800064020001500082040000800097082001500105245013700120260008400257300002400341505068400365650002901049650002601078GBCCL20251204111547.0251204b |||||||| |||| 00| 0 eng d a9780985219277 a0985219270 cGBC a266bCON 1 aConversations on When everything is missions : brecovering the mission of the church /cedited by Denny Spitters & Matthew Ellison  a[Place of publication not identified], bPioneers USA ; Sixteen:fifteen, c2020 a145 pages ; b22 cm a"In their first book, When Everything Is Missions, Denny Spitters and Matthew Ellison called us to refocus our gaze on the gospel and the Great Commission. The authors raised seven questions that shape how we think about and carry out the global mission of the Church. In this followup book, Conversations on When Everything Is Missions, more than 15 contributors add their voices. Each brings research, analysis and experience to the table. They reflect on how we got to the place where many sincere Christians believe everything is missions and address what it might take to put the gospel and the Great Commission back at the center of our global outreach efforts."--Publisher aGreat Commission (Bible) aMission of the church